| 000 | 00374nam a2200133Ia 4500 | ||
|---|---|---|---|
| 005 | 20251222144711.0 | ||
| 008 | 251222s9999||||xx |||||||||||||| ||spa|| | ||
| 082 | _a613.94/F54 | ||
| 100 | _aFisher, Andrew A. | ||
| 245 | 0 | _aManual para el Diseño de Investigación Operativa en Planificación Familiar | |
| 250 | _a2a.ed. | ||
| 264 | _bThe Population Council | ||
| 942 | _cLIB | ||
| 999 |
_c17834 _d17834 |
||